| 000 | 00925nam a22002175i 4500 | ||
|---|---|---|---|
| 001 | 170937 | ||
| 003 | ES-MaACL | ||
| 005 | 20231221145746.0 | ||
| 008 | 090417m18951901sp |||| | spa d | ||
| 080 | _a94(4)"18" | ||
| 100 | 1 |
_aCastelar, Emilio, _d1832-1899 _936479 |
|
| 245 | 1 | 0 |
_aHistoria de Europa desde la Revolución Francesa hasta nuestros días / _cpor Emilio Castelar ; [continuada bajo la dirección de Manuel Sales Ferré]. |
| 260 |
_aMadrid : _bFelipe González Rojas, _c[1895-1901] |
||
| 300 |
_a6 v. : _blám. col. ; _c33 cm. |
||
| 500 | _aLos vols. 5º y 6º con el título de Historia de Europa en el siglo XIX y continuada bajo la dirección de Manuel Sales Ferré. | ||
| 651 | 4 |
_aEuropa- _xHistoria- _y1789-1900. _9138070 |
|
| 700 | 1 |
_aSales Ferré, Manuel. _9101880 |
|
| 740 | 0 | _aHistoria de Europa en el siglo XIX. | |
| 852 |
_aES-MaACL _jG-5398-5403 _9R.144053 |
||
| 999 |
_c170937 _d170937 |
||